Statistics for Travis Scott - ASTROWORLD Tracklist

Click here to take the quiz!

General Stats

  • This quiz has been taken 540 times
  • The average score is 12 of 17

Answer Stats

Highest Place on Billboard Hot 100FeatureSong% Correct
4thDrakeSicko Mode
100%
8thStargazing
82%
25thGunna, NavYosemite
79%
31stJuice WRLD, Sheck WesNo Bystanders
77%
24thFrank OceanCarousel
75%
47thThe WeekndSkeletons
74%
68thCoffee Bean
73%
30thThe WeekndWake Up
71%
48thAstrothunder
70%
41st21 SavageNC-17
69%
50thButterfly Effect
67%
53rdHoustonfornication
66%
36th5% Tint
65%
43rdQuavo, TakeoffWho? What!
65%
27thStop trying to be God
64%
26thSwae LeeR.I.P. Screw
63%
38thDon ToliverCan't Say
14%

Score Distribution

Percentile by Number Answered

Percent of People with Each Score

Your Score History

You have not taken this quiz